| 000 | 00310cam a22001097a 4500 | ||
|---|---|---|---|
| 008 | 180718b1952 xxu||||| |||| 00| 0 eng d | ||
| 082 | _aA99 W382c | ||
| 245 |
_aDiaries _cby Beatrice Webb's; edited by Margaret I. Cole |
||
| 260 |
_aLondon _bLongmans _c1952 |
||
| 300 | _axxvi, 272p | ||
| 700 | _aCole, Margaret I. ed | ||
| 999 |
_c416147 _d416147 |
||